| 000 | 00802cam a22002534a 4500 | ||
|---|---|---|---|
| 001 | 3069 | ||
| 005 | 20240202104843.0 | ||
| 020 | _a9780736851114 | ||
| 040 |
_aDLC _cDLC _dDLC _beng |
||
| 050 | 0 | 0 |
_aQL737.C432 _b2005 |
| 082 | 0 | 0 | _a599.53 |
| 100 | _aLindeen, Carol K. | ||
| 245 | 0 | 0 |
_aDolphins / _cby Lindeen, Carol K. : Consulting editor Saunder-Smith Gail , PHD |
| 260 |
_aMankato : _bCapstone Press , _cc2005. |
||
| 300 |
_a24 pages : _bcolor illustrations ; _c24 cm . |
||
| 490 | _a Pebble Plus: Under the Sea | ||
| 505 | _aE | ||
| 520 | _aSimple text and photographs present the lives of dolphins. | ||
| 521 |
_a250
_bLexile |
||
| 521 |
_aE
_bRaz-Plus |
||
| 650 | 0 |
_aDolphins _vJuvenile literature. |
|
| 906 |
_a7 _bcbc _corignew _d1 _eecip _f20 _gy-gencatlg |
||
| 942 |
_2ddc _cBK _n0 |
||
| 999 |
_c3069 _d3069 |
||